| 000 | 01077cam a2200313 a 4500 | ||
|---|---|---|---|
| 001 | 17878931 | ||
| 005 | 20171107124300.0 | ||
| 008 | 130905t2017 moua frbd 001 0 eng d | ||
| 020 | _a9780323328524 | ||
| 040 |
_aDNLM/DLC _beng _cDLC _dEG-ScBUE _dEG-ScBUE |
||
| 082 | 0 | 4 |
_a617.0231 _bMED _222 |
| 245 | 0 | 0 |
_aMedical-surgical nursing : _bassessment and management of clinical problems / _cSharon L. Lewis ... [et al.] |
| 250 | _a10th ed. | ||
| 260 |
_aMissouri : _bMosby / Elsevier, _cc.2017. |
||
| 300 |
_a1 v. (Various pagings) : _cill. (col.) ; _b28 cm. |
||
| 500 | _aIncludes appendixes. | ||
| 500 | _aIncludes glossary. | ||
| 500 | _aIncludes index. | ||
| 504 | _aIncludes bibliographical references. | ||
| 650 | 7 |
_aNursing Care _2BUEsh _94472 |
|
| 650 | 7 |
_aNursing assessment. _2BUEsh _920388 |
|
| 650 | 7 |
_aOperating room nursing. _2BUEsh _928919 |
|
| 650 | 7 |
_aSurgical nursing. _2BUEsh _936117 |
|
| 651 | _2BUEsh | ||
| 653 |
_bNNUR _cApril2017 _cNovember2017 |
||
| 655 |
_vText book _933728 |
||
| 700 | 1 |
_aLewis, Sharon Mantik. _920390 |
|
| 942 |
_2ddc _k617.0231 MED |
||
| 999 |
_c24665 _d24637 |
||